000 00615nam a2200241 a 4500
001 nice12345678
003 IN_TiNIC
005 20260116011743.0
008 050524s1922 hyda grp 000 0 urd
020 _a
_c0.37
082 0 0 _a297.831
_bHAY
100 _aHayat, Muhammad
245 _aMusaddas Musamma Beh Chaudhwin Sadi
260 _aHyderabad
_bMarkazi Anjuman Taleemus Salat
_c1922
300 _a31p
500 _aincludes index and biblioraphy
505 2 _athree parts of first volume
650 _aMahdavia
700 1 _aHayat, Muhammad
902 _bSRS
942 _cBK
999 _c3725
_d3725